Olivia Rodrigo song lyrics - No hints ! @13 - Statistics

General Stats
  • This quiz has been taken 120 times
    119 since last reset
  • The average score is 268 of 405
Answer Stats
Answer % Correct
I
94%
a
90%
you
88%
You
88%
you ?
88%
you !
88%
and
81%
And
81%
the
80%
be
78%
me
78%
to
77%
my
75%
when
75%
get
74%
we
74%
on
72%
that
72%
that ?
72%
who
72%
girl
71%
so
71%
for
70%
I'm
70%
like
70%
Like
70%
your
70%
do
68%
do !
68%
it
68%
Not
68%
with
68%
all
67%
all !
67%
know
67%
too
67%
want
67%
What
67%
You're
67%
you're
67%
happy
65%
was
65%
car
64%
ever
64%
good
64%
Good
64%
she
64%
guess
62%
of
62%
can
61%
could
61%
got
61%
have
61%
is
61%
new
61%
really
61%
Well
61%
But
59%
found
59%
healthy
59%
If
59%
It's
59%
it's
59%
look
59%
never
59%
only
59%
said
59%
Baby
58%
baby
58%
care
58%
don't
58%
give
58%
God
58%
god
58%
moved
58%
night
58%
wish
58%
ask
57%
been
57%
couple
57%
easily
57%
in
57%
I've
57%
Remember
57%
there
57%
up
57%
weeks
57%
world
57%
bathroom
55%
floor
55%
took
55%
working
55%
yourself
55%
Crying
54%
crying
54%
even
54%
fuck
54%
man
54%
mind
54%
spent
54%
wanted
54%
without
54%
brand
52%
doing
52%
helped
52%
met
52%
therapist
52%
you've
52%
better
51%
great
51%
Maybe
51%
maybe
51%
Now
51%
out
51%
person
51%
(Ah)
49%
at
49%
lost
49%
swore
49%
way
49%
will
49%
damn
48%
everything
48%
hurt
48%
screw
48%
unaffected
48%
bought
46%
cared
46%
emotional
46%
getting
46%
sociopath !
46%
off
43%
Or
43%
taking
42%
happened
41%
salt
39%
career's
38%
wound
38%
apathy's
30%
No matching quizzes found
Score Distribution
Percent of People with Each Score
Percentile by Number Answered
Your Score History
You have not taken this quiz since the last reset